000 00466nam a22001817a 4500
003 OSt
005 20211110101939.0
008 211110b |||||||| |||| 00| 0 eng d
020 _a9780333573600
040 _cHAWASSA UNIERSITY
050 _a636.0896009/HUN
_b3
082 _2VOLUME 1&2
_a636.0896009/HUN
_b1
100 _aHUNTER ARCHIE
_916892
245 _aANIMAL HEALTH VOLUME 1& 2
260 _aMACMILLAN
_bCTA
_c1994
300 _a214
942 _2ddc
_cBOOKS
_n0
999 _c17419
_d17419